Goście "Mniej Więcej" - Statystyki

Ogólne statystyki
  • Ten quiz został rozwiązany 524 razy
  • Średni wynik to 5 z 14
Statystyki odpowiedzi
Odpowiedź % Poprawnych
Gimper
89%
Lord Kruszwil
69%
Robert Pasut/Abstrachuje
55%
Stuu
49%
Poszukiwacz
45%
Dezy
42%
Naruciak
39%
Weronika Truszczyńska
30%
Bladii
26%
Dla Pieniędzy
26%
Matura To Bzdura
22%
Hajlajt
11%
Bartek bez przepisu
8%
Marco Kubiś
3%
Nie znaleziono quizów pasujących do podanych kryteriów
Rozkład punktacji
Procent ludzi z każdym wynikiem
Percentyl według liczby udzielonych odpowiedzi
Twoja historia wyników
Nie rozwiązałeś tego quizu